Cool Ways to IMPROVE Your English /

Bibliographic Details
Main Author: Stride, Lottie (Author)
Other Authors: Pinder, Andrew, Quayle, Zoe, Scoggins, Elizabeth
Format: Book
Language:English
Subjects:
LEADER 01185cam a2200349 7i4500
001 0000067567
005 20180823090000.0
005 ##20180823151700.0
003 ##MY-KlINT
008 180823 my 000 0 eng d
020 # # |a 9789670484884  
039 # 9 |a 201808231517  |b zarinah  |y 201808231507  |z zarinah 
040 # # |a INTS 
082 0 0 |a 428.2 
090 0 0 |a 428.2   |b STR 
100 1 # |a Stride, Lottie   |e author 
245 1 0 |a Cool Ways to IMPROVE Your English /   |c Written by LOTTIE STRIDE ; illustrated by Andrew Pinder ; edited by Elizabeth Scoggins ; designed by Zoe Quayle. 
246 0 # |a Write Every Time 
264 # 0 |c ♭2010 
264 # 0 |a Petaling Jaya, Selangor  |b Advantage Quest Publications  |c 2013 
300 # # |a 128 pages:   |b illustrations;   |c 22cm. 
336 # # |a text  |2 rdacontent 
337 # # |a unmediated  |2 rdamedia 
338 # # |a volume  |2 rdacarrier 
500 # # |a Includes index 
500 # # |a Originally published under the title Write Every Time 
650 # 0 |a Written communication  
650 # 0 |a English language --   |x Written English  
650 # 0 |a English language --   |x Grammar  
700 0 # |a Pinder, Andrew  
700 0 # |a Quayle, Zoe  
700 0 # |a Scoggins, Elizabeth